Представление документа в формате MARC21

ПолеНазваниеЗначение
  Тип записи a
  Библиографический уровень m
001 Контрольный номер RU\infra-m\znanium\bibl\551161
005 Дата корректировки 20230313235111.8
008 Кодируемые данные 191128s2016 RU g rus u
020 Индекс ISBN __
a ISBN 978-5-8480-0951-4
040 Источник каталогиз. __
a Служба первич. каталог. Общество с ограниченной ответственностью «ЗНАНИУМ»
041 Код языка издания __
a Код языка текста rus
044 Код страны публикации __
a Код страны публикации RU
080 Индекс УДК __
a Индекс УДК 811
084 Индекс другой классификации/Индекс ББК __
2 Источник индекса rubbk
a Индекс другой классификации/Индекс ББК 81.0
084 Индекс другой классификации/Индекс ББК __
2 Источник индекса okso
a Индекс другой классификации/Индекс ББК 42.04.01
084 Индекс другой классификации/Индекс ББК __
2 Источник индекса okso
a Индекс другой классификации/Индекс ББК 45.04.01
084 Индекс другой классификации/Индекс ББК __
2 Источник индекса okso
a Индекс другой классификации/Индекс ББК 45.04.02
084 Индекс другой классификации/Индекс ББК __
2 Источник индекса okso
a Индекс другой классификации/Индекс ББК 45.04.03
100 Автор __
a Автор Ласкова М.В.
245 Заглавие __
a Заглавие Лингвокультурные особенности языковой игры в рекламной картине мира
b Продолж. заглавия Монография
260 Выходные данные __
a Место издания Ростов-на-Дону
b Издательство Издательство Южного федерального университета (ЮФУ)
c Дата издания 2013
300 Физическое описание __
a Объем 128 с.
520 Аннотация __
a Аннотация Монография посвящена анализу лингвокультурологических и гендерных аспектов такого явления как языковая игра в рамках рекламного дискурса английского немецкого и русского языков. Проанализированы сущностные характеристики рекламной картины мира изучены различные виды языковой игры отражающие национально-культурные особенности в рекламном дискурсе. Несмотря на то что реклама - один из самых популяризированных объектов изучения в лингвистике все еще преобладают дескриптивные и структурно-смысловые исследования а работы касающиеся лингвокультурологических параметров языковой игры в рекламе носят в большинстве своем частный характер. Ставится и решается вопрос о лексико-семантических особенностях и выразительных возможностях языковой
521 Примеч. о цел. назн. __
a Примеч. о целев. назн. ВО - Магистратура
650 Тематические рубрики __
a Основная рубрика Филологические науки
x Основная подрубрика Общие вопросы. Лингвистика
700 Другие авторы __
a Другие авторы Попова Юлия Владимировна
q Полное имя Юлия Владимировна
856 Электронный адрес документа 4_
a Имя сервера/домена znanium.com
m Помощь ebs_support@infra-m.ru
n Местонахождение сервера НИЦ ИНФРА-М
u URL https://znanium.com/catalog/document?id=74711
856 Электронный адрес документа 41
a Имя сервера/домена znanium.com
d Путь /cover/0551
f Электронное имя 551161.jpg
q Тип электронного формата image/jpeg
u URL https://znanium.com/cover/0551/551161.jpg
911 __
u 0030=https://znanium.com/catalog/document?id=74711
911 __
u 608a=Монография
u 6082=local
911 __
u 9031=61
911 __
u 951p=s://znanium.com/catalog/document?id=74711&pid=